000 00378nam a2200145Ia 4500
008 240624s9999 xx 000 0 und d
041 _aeng
082 _a658.4063 KAP
100 _aKAPLAN ARI
245 _aREINVENTING PROFESSIONAL SERVICES BUILDI
250 _a11
260 _c2011
_aNew Jersey
_bJohn Wiley and Sons
300 _axix, : 220 : p. : cm. ; 23
365 _c
_b27
999 _c17775
_d17775